00309nam a22001217a 450000500170000002000220001703500130003903700130005210000180006524500380008326000470012130000190016820120410142917.0 a8170861209c00.00 aA-759007 aDPLbENG aFulto, J. She aLife of Christ /cby J. She Fulto aBangalorebAsian Trading Corporationc1995 a476p.c20 cms.